The grace of God in my life. (Record no. 14168)

000 -LEADER
fixed length control field 00616nam a2200205 a 4500
001 - CONTROL NUMBER
control field :::00011992$&:&@@
003 - CONTROL NUMBER IDENTIFIER
control field OkBaRHE
005 - DATE AND TIME OF LATEST TRANSACTION
control field 20000607103414.0
008 - FIXED-LENGTH DATA ELEMENTS--GENERAL INFORMATION
fixed length control field s1952 j 000 0 eng u
040 ## - CATALOGING SOURCE
Transcribing agency
100 1# - MAIN ENTRY--PERSONAL NAME
Personal name Grant, W. V. (Walter Vinson).
245 14 - TITLE STATEMENT
Title The grace of God in my life.
260 ## - PUBLICATION, DISTRIBUTION, ETC. (IMPRINT)
Place of publication, distribution, etc Dallas, TX., :
Name of publisher, distributor, etc Faith Clinic
Date of publication, distribution, etc c1952
300 ## - PHYSICAL DESCRIPTION
Extent 99 p. ;
Dimensions 22 cm.
650 ## - SUBJECT ADDED ENTRY--TOPICAL TERM
Topical term or geographic name as entry element Autobiographies
650 ## - SUBJECT ADDED ENTRY--TOPICAL TERM
Topical term or geographic name as entry element Grant, W. V. (Walter Vinson).
650 ## - SUBJECT ADDED ENTRY--TOPICAL TERM
Topical term or geographic name as entry element Pentecostalism
942 ## - ADDED ENTRY ELEMENTS (KOHA)
Source of classification or shelving scheme
Koha item type Books
Copies
Lost status Copy number Damaged status Full call number Source of classification or shelving scheme Not for loan Date acquired Withdrawn status Date last seen Koha item type Shelving location Permanent Location Price effective from Barcode
 1 BX 8764 .G7  2010-04-14 2010-04-14BooksGeneral StacksRHEMA Bible Training College2010-04-1411992